[Event "GER-ch U10 Girls"]
[Site "Willingen"]
[Date "2021.08.26"]
[Round "6"]
[White "Ruddat, Maila"]
[Black "Guliyeva, Zahra"]
[Result "1/2-1/2"]
[WhiteElo "729"]
[BlackElo "783"]
[PlyCount "65"]
[EventDate "2021.08.22"]
[EventType "swiss"]
[EventRounds "11"]
[EventCountry "GER"]
[SourceTitle "EXT 2022"]
[Source "ChessBase"]
[SourceDate "2021.10.06"]
[SourceVersion "1"]
[SourceVersionDate "2021.10.06"]
[SourceQuality "1"]

1. e4 e5 2. Nf3 Nc6 3. Bc4 Bc5 4. Nc3 Nf6 5. d3 h6 6. Be3 Bb6 7. h3 d6 8. Qe2 Be6 9. Bb3 0-0 10. 0-0-0 Bxb3 11. cxb3 Bxe3+ 12. Qxe3 Nb4 13. g4 c6 14. Rhg1 d5 15. exd5 cxd5 16. Qxe5 Re8 17. Qd4 a5 18. Rde1 Qc7 19. a3 Na2+ 20. Kb1 Nb4 21. axb4 axb4 22. Qxb4 Ra7 23. Rxe8+ Nxe8 24. Nb5 Qb6 25. Nxa7 Qxb4 26. Re1 Kf8 27. Re5 Qxb3 28. Kc1 Qxd3 29. Nd2 Qxh3 30. Rxd5 Qxg4 31. Nb5 Qe6 32. Rd3 Qa2 33. Ra3 1/2-1/2

[Event "GER-ch U10 Girls"]
[Site "Willingen"]
[Date "2021.08.23"]
[Round "2"]
[White "Frydel, Helena Maria"]
[Black "Guliyeva, Zahra"]
[Result "0-1"]
[WhiteElo "966"]
[BlackElo "783"]
[PlyCount "22"]
[EventDate "2021.08.22"]
[EventType "swiss"]
[EventRounds "11"]
[EventCountry "GER"]
[SourceTitle "EXT 2022"]
[Source "ChessBase"]
[SourceDate "2021.10.06"]
[SourceVersion "1"]
[SourceVersionDate "2021.10.06"]
[SourceQuality "1"]

1. e4 e5 2. Nf3 Nc6 3. Nc3 Nf6 4. d4 d5 5. dxe5 dxe4 6. exf6 exf3 7. fxg7 Bxg7 8. Qxf3 0-0 9. Qg3 Qe7+ 10. Be2 Re8 11. Nd5 Qxe2# 0-1